Loading...
Science - Biology | 0 | 5 | 1 | 1 | 45 | 93 | 117.80 | 3 | 5 |
Science - Chemistry | 1 | 3 | 2 | 0 | 35 | 35 | 78.50 | 2 | 4 |
History - American History | 0 | 2 | 0 | 1 | 20 | 92 | 104.50 | 0 | 2 |
Literature - European Literature | 0 | 1 | 0 | 0 | 10 | 90 | 90.00 | 0 | 1 |
Other Science: Astronomy | 0 | 1 | 0 | 0 | 10 | 114 | 114.00 | 0 | 1 |
World and Other Literature | 0 | 1 | 0 | 0 | 10 | 112 | 112.00 | 1 | 1 |
History - World History | 0 | 1 | 0 | 1 | 10 | 131 | 131.00 | 0 | 1 |
Literature - British Literature | 0 | 1 | 0 | 1 | 10 | 148 | 148.00 | 0 | 1 |
Chemistry> | 1 | 0 | 1 | 0 | 10 | 45 | 45.00 | 1 | 1 |
Science - Physics | 0 | 1 | 1 | 0 | 5 | 104 | 104.00 | 0 | 1 |
Geography | 0 | 0 | 1 | 0 | -5 | 0.00 | 0 | 0 |